| 000 | 00648nam a22002537a 4500 | ||
|---|---|---|---|
| 003 | UA-OsUOA | ||
| 001 | 32404 | ||
| 007 | ta | ||
| 008 | 20050201b un ||||| |||| 00| 0 ukr d | ||
| 100 | _aМаленко Л. | ||
| 090 |
_a94(477)044.3 _bМ18 |
||
| 942 | _cBK | ||
| 040 |
_aUA-OsUOA _bukr _cUA-OsUOA _dUA-OsUOA |
||
| 245 |
_aАзовське козацьке військо (1828-1866) _bМонографія |
||
| 300 |
_a513 с. _bІлюстрації |
||
| 955 | _a0 | ||
| 041 | _aukr | ||
| 080 | _a94(477)044.3 | ||
| 020 | _a966-7089-75-4 | ||
| 260 |
_aЗапоріжжя _c2000 |
||
| 044 | _aUA | ||
| 650 | 7 | _2UDC | |
| 999 |
_c318847 _d318847 |
||